00289 a2200121 4500001000700000020001800007040001100025100002700036240004600063245004100109300000800150362000900158175380 a84-7838-661-6 cMagnum aLopera, José Alvarez10aHistória geral da arte - pintura 2lpor10aHistória geral da arte - pintura 2 a1390 a1995